Statistics for Diplomatic Missions of Transnistria

Click here to take the quiz!

General Stats

  • This quiz has been taken 49 times
  • The average score is 3 of 6

Answer Stats

MissionAnswer% Correct
CountryRussia
98%
Official Diplomatic BureauMoscow
93%
CountrySouth Ossetia
56%
CountryAbkhazia
54%
Representative OfficeSukhumi
24%
Representative OfficeTskhinvali
24%

Score Distribution

Percentile by Number Answered

Percent of People with Each Score

Your Score History

You have not taken this quiz